Naming 100 Rappers Off The Top of My Head - Statistics

General Stats
  • This quiz has been taken 65 times
  • The average score is 19 of 100
Answer Stats
Answer % Correct
Kendrick Lamar
80%
Drake
78%
Eminem
74%
JAY-Z
67%
Kanye West
65%
Lil Wayne
65%
2Pac
61%
Notorious B.I.G
61%
Nicki Minaj
57%
Snoop Dogg
54%
Lil Baby
52%
Dr. Dre
50%
Travis Scott
50%
Cardi B
48%
21 Savage
46%
Future
46%
Ice Cube
43%
Juice WRLD
43%
XXXTENTACION
43%
Megan Thee Stallion
39%
Dababy
35%
Young Thug
35%
Playboi Carti
33%
The Weeknd
30%
Tyler, the Creator
30%
Lil Yachty
24%
A$AP Rocky
22%
Lil Durk
22%
Mac Miller
22%
Pop Smoke
22%
Rick Ross
22%
Roddy Ricch
22%
Beyonce
20%
Frank Ocean
20%
Rihanna
20%
SZA
20%
Glorilla
17%
MF DOOM
17%
Offset
17%
Wu-Tang Clan
17%
A$AP Ferg
15%
Chance the Rapper
15%
Denzel Curry
15%
Logic
15%
Quavo
15%
Ken Carson
13%
JID
11%
Lauryn Hill
11%
Takeoff
11%
Yeat
11%
Chief Keef
9%
Destroy Lonely
9%
Doechii
9%
Earl Sweatshirt
9%
YoungBoy Never Broke Again
9%
Babytron
7%
JPEGMAFIA
7%
Killer Mike
7%
Lil Mabu
7%
Sexxy Red
7%
Sheck Wes
7%
Westside Gunn
7%
Ab-Soul
4%
Alicia Keys
4%
Bktherula
4%
Brent Faiyaz
4%
Danny Brown
4%
Freddie Gibbs
4%
Jay Rock
4%
Joey Bada$$
4%
Kali Uchis
4%
ScHoolboy Q
4%
Teezo Touchdown
4%
Ty Dolla $ign
4%
YG
4%
6LACK
2%
Ari Lennox
2%
Coco Jones
2%
Conway the Machine
2%
Daniel Caeser
2%
Eryn Allen Kane
2%
Foushee
2%
Isaiah Rashad
2%
James Blake
2%
Key Nyata
2%
LAZER DIM 700
2%
Paris Texas
2%
Rex Orange County
2%
Rhapsody
2%
Rico Nasty
2%
Sampha
2%
Vince Staples
2%
Westside Boogie
2%
CeeLo Green
0%
Domo Genesis
0%
Kevin Abstract
0%
Lil Simz
0%
Ravyn Lenae
0%
Tems
0%
Tiacorine
0%
No matching quizzes found
Score Distribution
Percent of People with Each Score
Percentile by Number Answered
Your Score History
You have not taken this quiz